La Sociedad civil controlará la calidad /
Gardado en:
| Autor Principal: | |
|---|---|
| Formato: | Texto |
| Materias: | |
| Etiquetas: |
Engadir etiqueta
Sen Etiquetas, Sexa o primeiro en etiquetar este rexistro!
|
MARC
| LEADER | 00000 a a2200000 04500 | ||
|---|---|---|---|
| 001 | 3682 | ||
| 003 | |||
| 040 | |||
| 100 | |a Miralles Castellanos, Ana María | ||
| 245 | |a La Sociedad civil controlará la calidad / |c Ana María Miralles Castellanos | ||
| 650 | |a PLANIFICACION DE LA COMUNICACION | ||
| 650 | |a TEORIA DE LA INFORMACION | ||
| 650 | |a ADMINISTRACION DE LA INFORMACION | ||
| 650 | |a OPINION PUBLICA | ||
| 650 | |a RADIO Y TELEVISION | ||
| 773 | |g número 23; páginas 37-50 | ||
| 999 | |c 24469 |d 24469 | ||
